000 01863nam a2200337 i 4500
001 190590
003 ES-MaACL
005 20250720061258.0
008 220107s2017 sp 001 0 spa
020 _a978-84-7209-716-2
080 _a930(460)
245 0 0 _aBajo el dios Augusto :
_bel oficio de historiador ante los guardianes parciales de la historia /
_cGuillermo Gortázar (ed.) ; Antonio Manuel Moral Roncal, José Manuel Cuenca Toribio, Alfonso Bullón de Mendoza, Pedro Carlos González Cuevas.
260 _aMadrid :
_bUnión Editorial,
_c2017.
300 _a244 p. ;
_c23 cm.
490 1 _aLa antorcha
500 _aÍndice.
504 _aReferencias bibliográficas.
505 8 _aContiene: Reyes y batallas: el retorno de la historia narrativa y política / Guillermo Gortázar . El contemporaneismo español en la segunda mitad del siglo XX: entre la ciencia y la política / Antonio Manuel Moral Roncal . La dorada pátina de la historiografía marxista / José Manuel Cuenca Toribio . De la parcialidad de los historiadores españoles / Alfonso Bullón de Mendoza . Los guardianes de la historia, presencia, persistencia y retorno / Pedro Carlos González Cuevas
650 4 _aHistoriografía-
_zEspaña.
_913440
700 1 _aGortázar, Guillermo,
_d1951-
_9176485
700 1 _aMoral Roncal, Antonio Manuel.
_982948
700 1 _aCuenca Toribio, José Manuel,
_d1939-
_942007
700 1 _aBullón de Mendoza, Alfonso.
_932517
700 1 _aGonzález Cuevas, Pedro Carlos.
_958524
830 1 _aLa antorcha
_9176487
852 4 _aES-MaACL
_jA-14851
_z Dedicatoria autógrafa del autor
_9 197768
_bR.152452
_cDEPO1
_dOlim: N-7851
_hDonación: Guillermo Gortázar
903 _aGortázar, Guillermo,
_d1951-
_ednr
_9176485
942 _2udc
_cMONOGRAFIA
999 _c190590
_d190590